000 00285nam a2200121Ia 4500
008 220216s9999 xx 000 0 und d
100 _aJ Jacob
245 0 _aKetto, rubberinu 100 roopa mathiyennu
260 _bKarshakasree
_c2018
300 _a56-57
650 _aRubber
942 _cJS
999 _c61854
_d61854